№ 70; Наше наследие

ग्रंथसूची विवरण
Parent link:Наше наследие: историко-культурный журнал. № 70.— , 1989-1991, 1995-2010.— 0234-1395
भाषा:रूसी
प्रकाशित: 2004
स्वरूप: MixedMaterials पुस्तक
KOHA link:https://koha.lib.tpu.ru/cgi-bin/koha/opac-detail.pl?biblionumber=392657

MARC

LEADER 00000nam2a2200000 4500
001 392657
005 20231101064304.0
035 |a (RuTPU)RU\TPU\prd\28106 
090 |a 392657 
100 |a 20040920a20049999m y0rusy50 ca 
101 0 |a rus 
102 |a RU 
200 0 |a № 70 
210 |d 2004 
461 1 |0 (RuTPU)RU\TPU\prd\1595  |x 0234-1395  |t Наше наследие  |o историко-культурный журнал  |v № 70  |d 1989-1991, 1995-2010 
801 0 |a RU  |b 63413507  |c 20010227  |g PSBO 
801 1 |a RU  |b 63413507  |c 20040920  |g PSBO 
801 2 |a RU  |b 63413507  |c 20140122  |g RCR 
942 |c BK 
999 |a НТБ_ТПУ  |b НФ  |e -1/20040113  |p П-5560  |s 22/20030911  |u 0,00  |v 1